[Event "AUTO-ADV-663"]
[Site "http://www.queenalice.com/game.php?id=278286"]
[Date "2007.9.28"]
[Round "1"]
[White "dinkoiliev"]
[Black "simer"]
[Result "1-0"]
[WhiteElo "1722"]
[BlackElo "1853"]

1. e4 e5 2. Nf3 d6 3. c3 Be7 4. h3 Nf6 5. Bc4 Nc6 6. d4 exd4 7. cxd4 Nxe4 8. O-O
O-O 9. d5 Na5 10. Qe2 Nxc4 11. Qxe4 Nb6 12. Be3 f5 13. Qd3 f4 14. Bd4 Bf6 15.
Bxf6 Qxf6 16. Nc3 Bf5 17. Qd2 Qh6 18. Ne2 Be4 19. Rac1 Bxf3 20. gxf3 Qxh3 21.
Nxf4 Qxf3 22. Ng2 Nxd5 23. Rfe1 Rf6 24. Rcd1 Rg6 25. Qxd5+ Qxd5 26. Rxd5 Rf8 27.
Kf1 c6 28. Rd4 h5 29. Nh4 Rgf6 30. Re2 c5 31. Rde4 b5 32. Re6 d5 33. Ng6 R8f7
34. Rxf6 Rxf6 35. Ne7+ Kf7 36. Nxd5 Rf5 37. Nc7 b4 38. Nb5 a6 39. Nd6+ 1-0

[Event "AUTO-ADV-727"]
[Site "http://www.queenalice.com/game.php?id=311206"]
[Date "2007.11.27"]
[Round "1"]
[White "simer"]
[Black "braseiko"]
[Result "1-0"]
[WhiteElo "1864"]
[BlackElo "1812"]

1. e4 c5 2. d4 cxd4 3. Qxd4 Nc6 4. Qa4 e6 5. Be2 a6 6. Nf3 b5 7. Qb3 Nf6 8. Bg5
Be7 9. Bxf6 Bxf6 10. O-O O-O 11. c3 Bb7 12. Nbd2 Rc8 13. Rad1 d5 14. exd5 Na5
15. dxe6 Nxb3 16. exf7+ Kxf7 17. Nxb3 Qb6 18. Nfd4 Rfe8 19. Bg4 Rc7 20. Nf5 Kf8
21. Rd6 Bc6 22. Rfd1 Qb7 23. h3 1-0

[Event "AUTO-ADV-727"]
[Site "http://www.queenalice.com/game.php?id=311207"]
[Date "2007.11.27"]
[Round "1"]
[White "braseiko"]
[Black "simer"]
[Result "1-0"]
[WhiteElo "1856"]
[BlackElo "1861"]

1. d4 e6 2. e4 d6 3. Nf3 Be7 4. Bd3 Nf6 5. O-O h6 6. c4 c6 7. e5 dxe5 8. dxe5
Nh7 9. Qe2 Nd7 10. Rd1 Ng5 11. Nxg5 Bxg5 12. f4 Be7 13. Nc3 Qb6+ 14. Kh1 Nc5 15.
Bb1 O-O 16. Qc2 Rd8 17. Qh7+ Kf8 18. Qh8# 1-0

[Event "AUTO-ADV-727"]
[Site "http://www.queenalice.com/game.php?id=311208"]
[Date "2007.11.27"]
[Round "1"]
[White "simer"]
[Black "darkjedi"]
[Result "0-1"]
[WhiteElo "1878"]
[BlackElo "1899"]

1. e4 c5 2. Bd3 d6 3. Nf3 Nc6 4. h3 Nf6 5. c3 e6 6. Bc2 Be7 7. d3 O-O 8. Ba4 Qc7
9. Bd2 a6 10. Na3 b5 11. Bb3 Bb7 12. O-O Rad8 13. Qc1 Ne5 14. Nxe5 dxe5 15. Bc2
Rd7 16. Bg5 Rfd8 17. Qe3 Kh8 18. Rad1 h6 19. Bxh6 gxh6 20. Qxh6+ Nh7 21. Rde1
Bg5 22. Qh5 Rg8 23. h4 Bf4 24. g3 Rg6 25. Kh2 Bh6 26. Qf3 Qd8 27. Bd1 Rf6 28.
Qg2 Rxd3 29. g4 Bf4+ 30. Kh1 Rh6 31. h5 Qh4+ 32. Kg1 Rh3 33. Re3 Bxe3 34. fxe3
Rg3 35. Rxf7 Rxg2+ 36. Kxg2 Bxe4+ 37. Bf3 Qxg4+ 38. Kf2 Bxf3 0-1

[Event "AUTO-ADV-727"]
[Site "http://www.queenalice.com/game.php?id=311209"]
[Date "2007.11.27"]
[Round "1"]
[White "darkjedi"]
[Black "simer"]
[Result "1-0"]
[WhiteElo "1914"]
[BlackElo "1863"]

1. d4 e6 2. c4 d6 3. Nf3 Be7 4. Bf4 Nf6 5. Bg5 h6 6. Bh4 c6 7. e3 Qa5+ 8. Qd2
Qd8 9. Bd3 Bd7 10. O-O a5 11. Nc3 b6 12. Rfe1 Na6 13. Be2 O-O 14. Rad1 Nh7 15.
Bxe7 Qxe7 16. a3 Nc7 17. e4 f5 18. e5 d5 19. cxd5 cxd5 20. Rc1 Rac8 21. Rc2 b5
22. Na2 Na6 23. Rxc8 Rxc8 24. Qxa5 Nc7 25. Rc1 Nf8 26. Rxc7 Qd8 27. Ra7 Qxa5 28.
Rxa5 Rc2 29. Bf1 Rxb2 30. Nb4 Rb1 31. g3 Be8 32. Kg2 Bh5 33. Bxb5 Rb3 34. Ng1
Bg6 35. Nc6 Kh7 36. Ne7 Bh5 37. a4 Rb4 38. Ra8 Nd7 39. Bxd7 1-0

[Event "AUTO-ADV-727"]
[Site "http://www.queenalice.com/game.php?id=311210"]
[Date "2007.11.27"]
[Round "1"]
[White "simer"]
[Black "merlos"]
[Result "0-1"]
[WhiteElo "1841"]
[BlackElo "1896"]

1. e4 c5 2. Nf3 d6 3. Be2 Nf6 4. d3 e5 5. h3 Be7 6. c3 O-O 7. O-O Nc6 8. b3 b5
9. Bg5 Be6 10. Na3 a6 11. Qc1 Rc8 12. Nh2 b4 13. Nb1 bxc3 14. Nxc3 Nd4 15. Bd1
Qd7 16. Qa3 Nc6 17. Bxf6 Bxf6 18. Nd5 Bxd5 19. exd5 Nb4 20. Bg4 Qb7 21. Bxc8
Rxc8 22. Rad1 Nxd5 23. Ng4 Nf4 24. Nxf6+ gxf6 25. Qb2 Qxg2# 0-1

[Event "AUTO-ADV-727"]
[Site "http://www.queenalice.com/game.php?id=311211"]
[Date "2007.11.27"]
[Round "1"]
[White "merlos"]
[Black "simer"]
[Result "1-0"]
[WhiteElo "1915"]
[BlackElo "1827"]

1. d4 e6 2. c4 Be7 3. d5 e5 4. Nf3 d6 5. e4 Nf6 6. Nc3 Na6 7. c5 Nxc5 8. Bb5+
Bd7 9. Bxd7+ Qxd7 10. Nd2 b5 11. b4 Nd3+ 12. Kf1 Nxb4 13. f3 Nd3 14. Qe2 Nxc1
15. Rxc1 a6 16. Kf2 b4 17. Nd1 Nh5 18. Qc4 Nf4 19. Nb2 O-O 20. Qxc7 Qxc7 21.
Rxc7 Bg5 22. Ndc4 Rac8 23. Rb7 a5 24. Ra7 Nd3+ 25. Nxd3 Rxc4 26. Rd1 Rc2+ 27.
Kf1 Bd8 28. Ra6 Bc7 29. Rc1 Rxc1+ 30. Nxc1 g6 31. Nb3 Rc8 32. Nxa5 Bd8 33. Nc6
Bg5 34. Rb6 Kg7 35. Rxb4 Ra8 36. a4 f5 37. a5 Bd2 38. Ra4 Kf6 39. a6 Kg5 40. Ke2
Bc3 41. a7 Bd4 42. Nxd4 exd4 43. Kd3 fxe4+ 44. fxe4 Kf6 45. Kxd4 Ke7 46. Kc4 Kd7
47. Kb5 Kc7 48. Ka6 Re8 49. Rc4+ 1-0

[Event "AUTO-ADV-663"]
[Site "http://www.queenalice.com/game.php?id=315504"]
[Date "2007.12.5"]
[Round "2"]
[White "simer"]
[Black "dinkoiliev"]
[Result "0-1"]
[WhiteElo "1849"]
[BlackElo "1735"]

1. e4 b6 2. Nc3 Bb7 3. Be2 g6 4. b3 Bg7 5. Bb2 Bxe4 6. Nxe4 Bxb2 7. Rb1 Bg7 8.
Nf3 d5 9. Neg5 e6 10. Bb5+ c6 11. Bd3 e5 12. O-O e4 13. Re1 Ne7 14. Nxf7 Kxf7
15. Ng5+ Kg8 16. Qg4 Nf5 17. Bf1 Be5 18. Nxh7 Kxh7 19. c3 Kg7 20. f4 Rh4 21. Qg5
Bf6 22. Qxh4 Bxh4 23. g3 Bxg3 24. hxg3 Nxg3 25. Bh3 Qh4 26. Kg2 Na6 27. Re3 Nf5
28. Bxf5 gxf5 29. Rh1 Qxf4 30. Rg3+ Kf6 31. Rh6+ Qxh6 0-1

[Event "AUTO-ADV-663"]
[Site "http://www.queenalice.com/game.php?id=315505"]
[Date "2007.12.5"]
[Round "2"]
[White "dinkoiliev"]
[Black "simer"]
[Result "0-1"]
[WhiteElo "1756"]
[BlackElo "1828"]

1. e4 e5 2. Nf3 d6 3. Bc4 Be7 4. O-O Nc6 5. d4 Bg4 6. h3 Bh5 7. c3 Nf6 8. d5 Na5
9. Na3 a6 10. b4 Nxc4 11. Nxc4 h6 12. Re1 O-O 13. g4 Bg6 14. Ncd2 Qd7 15. Nh4
Nxd5 16. Nxg6 Nxc3 17. Qb3 Nb5 18. Nxf8 Bxf8 19. Bb2 Be7 20. a4 Na7 21. Nc4 Bh4
22. Rad1 Qe6 23. Re3 Qf6 24. Rf3 Qe6 25. Rdd3 b5 26. Na5 Qxb3 27. Nxb3 bxa4 28.
Na5 Rb8 29. Ba3 Nb5 30. Nc6 Rb6 31. Nxe5 dxe5 32. Rd7 Nxa3 33. Rxc7 Bf6 34. Rxa3
Rxb4 35. f3 Bg5 36. Kg2 Rb2+ 37. Kg3 g6 38. h4 Bf4+ 39. Kh3 Rh2# 0-1

[Event "AUTO-ADV-663"]
[Site "http://www.queenalice.com/game.php?id=315506"]
[Date "2007.12.5"]
[Round "2"]
[White "simer"]
[Black "Tessaro"]
[Result "1/2-1/2"]
[WhiteElo "1781"]
[BlackElo "1877"]

1. e4 e5 2. Nc3 Bc5 3. Nf3 Nc6 4. Bb5 Nge7 5. d3 O-O 6. Bg5 f6 7. Bh4 Kh8 8. O-O
a6 9. Ba4 b5 10. Bb3 Na5 11. Nd2 Bb7 12. Kh1 d5 13. exd5 Nxb3 14. Nxb3 Ba7 15.
Qf3 Bxd5 16. Nxd5 Qxd5 17. Qxd5 Nxd5 18. a3 c5 19. Na5 Rac8 20. c4 Nf4 21. cxb5
axb5 22. Rad1 Rfd8 23. b4 cxb4 24. axb4 Rxd3 25. Rxd3 Nxd3 26. Rd1 Bxf2 27. h3
Bxh4 28. Rxd3 Bg3 29. Rxg3 Rc1+ 30. Kh2 Rb1 31. Nc6 Kg8 32. Rd3 e4 33. Rd4 e3
34. Re4 Rc1 35. Nd8 Kf8 36. Rxe3 Rc4 37. Rb3 Ke7 38. Nb7 g5 39. Na5 Re4 40. Rc3
h5 41. Kg3 Kd6 42. Nb7+ Ke5 43. Rc5+ Kd4 44. Rxb5 h4+ 45. Kf3 Rf4+ 46. Ke2 Kc3
47. Rb6 f5 48. Nd6 g4 49. hxg4 fxg4 50. b5 h3 51. gxh3 gxh3 52. Rc6+ Kb3 53. Rc1
Rd4 54. Nf5 Rd5 55. Rf1 h2 56. Ng3 Rg5 57. b6 Rxg3 58. b7 Rg8 59. Rh1 Rb8 60.
Rxh2 1/2-1/2

[Event "AUTO-ADV-663"]
[Site "http://www.queenalice.com/game.php?id=315507"]
[Date "2007.12.5"]
[Round "2"]
[White "Tessaro"]
[Black "simer"]
[Result "0-1"]
[WhiteElo "1888"]
[BlackElo "1785"]

1. e4 e5 2. f4 exf4 3. Nf3 Be7 4. Bc4 Nc6 5. d4 Na5 6. Nbd2 Nf6 7. Qe2 h6 8. O-O
d6 9. b4 Nc6 10. a4 Nxb4 11. c3 Nc6 12. Nb3 a5 13. Bxf4 b6 14. Bb5 Bd7 15. e5
Nd5 16. Qd2 Nxf4 17. Qxf4 O-O 18. c4 Nb4 19. d5 Nd3 20. Qe4 Nxe5 21. Nxe5 dxe5
22. Bxd7 Qxd7 23. Nd2 Qd6 24. Rf3 Bg5 25. Nf1 Rae8 26. Ng3 Qc5+ 27. Kh1 Qd4 28.
Re1 Qxe4 29. Nxe4 Bd8 30. c5 f5 31. Nf2 bxc5 32. Rb3 Be7 33. Rxe5 Bd6 34. Re6
Kf7 35. Rbe3 Rxe6 36. dxe6+ Ke7 37. Nd3 Rb8 38. Kg1 c4 39. Ne5 Bxe5 40. Rxe5 c3
41. Rc5 Rb7 42. Rxc3 Kxe6 43. Rc5 g6 44. Rxa5 Kd6 45. Kf2 Kc6 46. Ra8 Rb2+ 47.
Kf3 Kb7 48. Rg8 g5 49. Rg6 Rb6 50. Rg7 Rc6 51. Re7 Rc3+ 52. Kf2 Rd3 53. Re5 f4
54. a5 Kc6 55. Re6+ Rd6 56. Re1 Kb5 57. Re5+ Ka6 58. g3 fxg3+ 59. Kxg3 c6 60. h4
gxh4+ 61. Kxh4 Rd4+ 62. Kg3 Rc4 63. Rh5 c5 64. Rxh6+ Kxa5 65. Kf3 Rd4 66. Rc6
Kb4 67. Ke3 Rd7 68. Rh6 c4 69. Rh1 Kb3 70. Rc1 c3 71. Ke2 Kb2 72. Rd1 Rxd1 0-1

[Event "AUTO-ADV-663"]
[Site "http://www.queenalice.com/game.php?id=315508"]
[Date "2007.12.5"]
[Round "2"]
[White "simer"]
[Black "Manolho"]
[Result "0-1"]
[WhiteElo "1791"]
[BlackElo "1939"]

1. e4 d6 2. Nf3 Nf6 3. d3 g6 4. Be2 Bg7 5. h3 c5 6. c3 Nc6 7. O-O O-O 8. Bg5 h6
9. Bh4 Nh5 10. Re1 Qb6 11. b3 Be6 12. Qc2 g5 13. Nxg5 hxg5 14. Bxg5 Nf6 15. Bxf6
Bxf6 16. Bh5 Qa5 17. Re3 c4 18. Rg3+ Kh7 19. dxc4 Qxh5 20. e5+ Bf5 21. Qd2 Nxe5
22. Qe1 Rg8 23. Nd2 Bh4 24. Rxg8 Rxg8 25. Nf3 Qxf3 26. g3 Bxh3 0-1

[Event "AUTO-ADV-663"]
[Site "http://www.queenalice.com/game.php?id=315509"]
[Date "2007.12.5"]
[Round "2"]
[White "Manolho"]
[Black "simer"]
[Result "1-0"]
[WhiteElo "1927"]
[BlackElo "1815"]

1. d4 e6 2. Nf3 d6 3. e4 Be7 4. Bd3 Nf6 5. O-O h6 6. e5 dxe5 7. Nxe5 O-O 8. Be3
Nd5 9. Qg4 Nxe3 10. fxe3 Bg5 11. Qf3 Qe7 12. Nd2 Nd7 13. Ndc4 b5 14. Qxa8 bxc4
15. Nxc4 Nb6 16. Qe4 f5 17. Qf3 Nd5 18. e4 Ba6 19. exd5 exd5 20. Qxd5+ Kh8 21.
Ne5 Bxd3 22. Ng6+ 1-0

[Event "Challenge"]
[Site "http://www.queenalice.com/game.php?id=328517"]
[Date "2007.12.31"]
[Round "-"]
[White "averroes02"]
[Black "simer"]
[Result "1-0"]
[WhiteElo "1891"]
[BlackElo "1803"]

1. d4 e6 2. c4 d6 3. e4 Be7 4. Nc3 Nf6 5. Nf3 h6 6. Be2 c6 7. O-O a6 8. e5 dxe5
9. dxe5 Qxd1 10. Rxd1 Nfd7 11. Ne4 O-O 12. Be3 f5 13. Nd6 b5 14. Rac1 Bxd6 15.
Rxd6 Re8 16. h4 b4 17. b3 Rf8 18. Rxe6 Nxe5 19. Rxe5 Nd7 20. Re7 Nf6 21. Ne5 Kh7
22. Nxc6 Ne4 23. Bd4 Nf6 24. Nxb4 a5 25. Nd5 Ne8 26. Bh5 Ba6 27. Bxe8 Raxe8 28.
Rxg7+ Kh8 29. Ra7+ Kg8 30. Rg7+ Kh8 31. Nf4 Re6 32. Nxe6 1-0

[Event "Challenge"]
[Site "http://www.queenalice.com/game.php?id=350757"]
[Date "2008.2.8"]
[Round "-"]
[White "simer"]
[Black "Eclesiastes"]
[Result "0-1"]
[WhiteElo "1805"]
[BlackElo "1662"]

1. e4 e5 2. Nf3 Nc6 3. d3 Bc5 4. Be2 Nd4 5. Nxe5 d6 6. Nf3 Qf6 7. Nxd4 Bxd4 8.
O-O Qg6 9. Bh5 Qf6 10. c3 Bb6 11. Qf3 Qxf3 12. Bxf3 Nf6 13. Bg5 h6 14. Bxf6 gxf6
15. Nd2 Rg8 16. Nc4 Bh3 17. Nxb6 axb6 18. Rfe1 Ra5 19. g3 c6 20. Bg2 Bg4 21. h3
Bd7 22. Re3 Be6 23. Rf3 Ke7 24. c4 b5 25. b4 Ra4 26. c5 Bxa2 27. cxd6+ Kxd6 28.
Rxf6+ Ke7 29. Rxh6 Rd8 30. Bf3 Rxd3 31. Bg4 Bc4 32. Rb1 Ba2 33. Rb2 Rd4 34. Bf5
Rdxb4 35. Rxb4 Rxb4 36. h4 Rd4 37. Rh8 b4 38. Rb8 b5 39. e5 b3 40. h5 b2 41.
Rb7+ Kf8 42. Rb8+ Kg7 43. e6 Rd1+ 44. Kh2 Bxe6 45. h6+ Kxh6 0-1

[Event "AUTO-ADV-822"]
[Site "http://www.queenalice.com/game.php?id=364133"]
[Date "2008.3.2"]
[Round "1"]
[White "Erinaldo"]
[Black "simer"]
[Result "0-1"]
[WhiteElo "1896"]
[BlackElo "1783"]

1. e4 e5 2. Nf3 Nc6 3. Bc4 Be7 4. d4 d6 5. h3 Nf6 6. Nc3 O-O 7. dxe5 Nxe5 8.
Nxe5 dxe5 9. Qxd8 Rxd8 10. Be3 Bb4 11. a3 Bxc3+ 12. bxc3 Nxe4 13. O-O Nxc3 14.
f4 exf4 15. Bxf4 Rd4 16. Bb3 Ne2+ 17. Kh1 Nxf4 18. g3 Ne6 19. g4 g6 20. Rf6 Rf4
21. Rf1 Rxf1+ 22. Rxf1 Bd7 23. Kh2 Kg7 0-1

[Event "AUTO-ADV-822"]
[Site "http://www.queenalice.com/game.php?id=364134"]
[Date "2008.3.2"]
[Round "1"]
[White "simer"]
[Black "Erinaldo"]
[Result "0-1"]
[WhiteElo "1804"]
[BlackElo "1875"]

1. e4 e5 2. Nf3 Nc6 3. d3 Bc5 4. Be2 d6 5. h3 h6 6. Nc3 Nf6 7. Na4 Bb6 8. Nxb6
axb6 9. a3 O-O 10. O-O d5 11. Bd2 dxe4 12. dxe4 Nxe4 13. Bd3 Nxd2 14. Nxd2 Qd4
15. b3 Rd8 16. Nf3 Qf4 17. Re1 e4 18. Rxe4 Qf6 19. Qe1 Bxh3 20. Qe3 Qxa1+ 21.
Kh2 Bf5 22. Rf4 Re8 23. Qd2 Bxd3 24. Qxd3 Rad8 25. Qc4 Ne5 26. Nxe5 Qxe5 27.
Qxf7+ Kh7 28. g3 Rf8 0-1

[Event "AUTO-ADV-822"]
[Site "http://www.queenalice.com/game.php?id=364147"]
[Date "2008.3.2"]
[Round "1"]
[White "simer"]
[Black "jailsonjr"]
[Result "1-0"]
[WhiteElo "1791"]
[BlackElo "1692"]

1. e4 e5 2. Nf3 Nc6 3. d3 d6 4. Be2 Bg4 5. h3 Bxf3 6. Bxf3 Nf6 7. Bg5 h6 8. Bh4
Be7 9. O-O O-O 10. c3 Nd7 11. Bg3 a6 12. Nd2 Nf6 13. a3 Nd7 14. Qb3 Na5 15. Qa2
Nc5 16. b4 Nxd3 17. Be2 Nc6 18. Bxd3 Bg5 19. f4 exf4 20. Bxf4 Bxf4 21. Rxf4 Ne5
22. Bc2 Qg5 23. Raf1 g6 24. Bb3 Nd3 25. Rxf7 Qe3+ 26. Kh2 Rxf7 27. Bxf7+ Kg7 28.
Bxg6 Kxg6 29. Qf7+ Kg5 30. Qf6+ Kh5 31. Rf5+ Qg5 32. Rxg5+ hxg5 33. g4+ Kh4 34.
Qh6# 1-0

[Event "AUTO-ADV-822"]
[Site "http://www.queenalice.com/game.php?id=364148"]
[Date "2008.3.2"]
[Round "1"]
[White "jailsonjr"]
[Black "simer"]
[Result "0-1"]
[WhiteElo "1688"]
[BlackElo "1822"]

1. e4 e5 2. Nf3 d6 3. Bc4 Be7 4. O-O Nf6 5. d3 Nc6 6. a3 Na5 7. Ba2 h6 8. h3 b6
9. Bd2 Ba6 10. Bxa5 bxa5 11. Nc3 Rb8 12. Rb1 O-O 13. Nd5 Nxd5 14. Bxd5 Rb5 15.
Bc6 Rb6 16. Ba4 Qb8 17. b3 f5 18. exf5 Rxf5 19. Bd7 Rf4 20. Be6+ Kh8 21. Bd5 Qe8
22. g3 Rf5 23. a4 c6 24. Be4 Rf6 25. Re1 d5 26. Nxe5 dxe4 27. Rxe4 Rb4 28. Nc4
Bxc4 29. dxc4 Qf7 30. f4 Bc5+ 31. Kg2 Rd6 32. Qe1 Rd8 33. c3 Rb7 34. Re5 Rbd7
35. Rxc5 Qf6 36. Rxa5 Rd2+ 37. Kg1 Qxc3 38. Rxa7 Qf3 39. Qf1 Qxg3+ 40. Kh1 Qh2#
0-1

[Event "AUTO-ADV-822"]
[Site "http://www.queenalice.com/game.php?id=364149"]
[Date "2008.3.2"]
[Round "1"]
[White "simer"]
[Black "jfox"]
[Result "1-0"]
[WhiteElo "1813"]
[BlackElo "1631"]

1. e4 e5 2. Nf3 Nc6 3. Bb5 Nge7 4. d3 a6 5. Ba4 d6 6. Bg5 h6 7. Bh4 Bd7 8. h3 f6
9. c3 Ng6 10. Bg3 Qe7 11. Bb3 O-O-O 12. Qd2 Be6 13. Bxe6+ Kb8 14. Bd5 Na7 15.
O-O c6 16. Bb3 Qc7 17. a4 Be7 18. d4 Rhf8 19. Bc2 exd4 20. Nxd4 Ne5 21. Ne6 Nc4
22. Qe2 Ne5 23. Nxc7 Kxc7 24. Na3 g5 25. b4 b5 26. axb5 Nxb5 27. Nb1 Kb7 28. c4
Nd4 29. Qd1 c5 30. bxc5 dxc5 31. Nc3 Nb3 32. Qb1 Kc6 33. Qxb3 Rb8 34. Rxa6+ Kd7
35. Rd1+ Kc7 36. Nd5+ Kd8 37. Qxb8+ 1-0

[Event "AUTO-ADV-822"]
[Site "http://www.queenalice.com/game.php?id=364150"]
[Date "2008.3.2"]
[Round "1"]
[White "jfox"]
[Black "simer"]
[Result "0-1"]
[WhiteElo "1656"]
[BlackElo "1803"]

1. e4 e5 2. Nf3 d6 3. Bc4 Be7 4. d3 Nc6 5. O-O Na5 6. Nbd2 Bg4 7. h3 Nxc4 8.
Nxc4 Bh5 9. Be3 h6 10. c3 Nf6 11. b4 Bg6 12. a4 O-O 13. a5 a6 14. Qd2 d5 15.
Ncxe5 dxe4 16. Nxg6 exf3 17. Nxe7+ Qxe7 18. Bc5 Qe2 19. Qxe2 fxe2 20. Rfe1 Rfe8
21. Be3 Nd5 22. Bd2 g5 23. c4 Nf6 24. Be3 Rad8 25. d4 Ne4 26. Rxe2 Nf6 27. d5
Re4 28. Rc1 Nh5 29. f3 Nf4 30. Ree1 Nd3 31. fxe4 Nxc1 32. Rxc1 Kg7 33. Bd4+ Kg6
0-1

[Event "AUTO-ADV-822"]
[Site "http://www.queenalice.com/game.php?id=445335"]
[Date "2008.8.8"]
[Round "2"]
[White "VictorJara"]
[Black "simer"]
[Result "1-0"]
[WhiteElo "2280"]
[BlackElo "1873"]

1. d4 c5 2. d5 Nf6 3. c4 d6 4. Nc3 g6 5. e4 Bg7 6. Bd3 Bg4 7. Nge2 Na6 8. f3 Bd7
9. O-O Nb4 10. Bb1 O-O 11. a3 Na6 12. Be3 Nc7 13. b4 a5 14. bxc5 dxc5 15. Bxc5
Na6 16. Bd4 Rc8 17. Bd3 Nc5 18. Rb1 Nxd3 19. Bb6 Qxb6+ 20. Rxb6 Nc5 21. e5 Ne8
22. f4 Nc7 23. Nd4 N7a6 24. Qe2 f5 25. Qe3 Rc7 26. d6 exd6 27. Nd5 Na4 28. Rxd6
1-0

[Event "AUTO-ADV-822"]
[Site "http://www.queenalice.com/game.php?id=445336"]
[Date "2008.8.8"]
[Round "2"]
[White "simer"]
[Black "VictorJara"]
[Result "0-1"]
[WhiteElo "1875"]
[BlackElo "2234"]

1. e4 e6 2. Nf3 d5 3. exd5 exd5 4. Be2 Bd6 5. h3 Nc6 6. a3 Nge7 7. O-O Bf5 8. c3
Qd7 9. Nh4 Bxh3 10. Re1 g5 11. Nf3 Bxg2 12. Kxg2 Qg4+ 13. Kf1 Qh3+ 14. Kg1 g4
15. Ne5 Bxe5 16. d4 Qh2+ 17. Kf1 Qh1# 0-1